| 000 | 01469nam a2200301 i 4500 | ||
|---|---|---|---|
| 003 | EG-ScBUE | ||
| 005 | 20231129115526.0 | ||
| 008 | 111215s1980 ly a f 000 0 ara d | ||
| 040 |
_aEG-ScBUE _bara _erda _cEG-ScBUE _dEG-ScBUE |
||
| 082 | 0 | 4 |
_222 _a947.084 _bز ن ت |
| 100 | 1 |
_928149 _aزنتاني، عبد الوهاب محمد، _eمؤلف. |
|
| 245 | 1 | 0 |
_aخرافة الستار الحديدي في بلاد السوفييت : _bانطباعات ليبي في الاتحاد السوفييتي / _cعبد الوهاب محمد الزنتاني. |
| 250 | _aالطبعة الأولى. | ||
| 264 | 1 |
_aطرابلس، ليبيا : _bمؤسسة ناصر للثقافة، _c1980. |
|
| 300 |
_a328 صفحة : _bإيضاحيات ؛ _c24 سم |
||
| 336 |
_2rdacontent _aنص _btxt |
||
| 337 |
_aبدون وسيط _2rdamedia _bn |
||
| 338 |
_aمجلد _bnc _2rdacarrier |
||
| 504 | _aيشتمل على إرجاعات ببليوجرافية. | ||
| 651 | 7 |
_928150 _aالاتحاد السوفيتي _xسياسة وحكومة. _2BUEsh |
|
| 651 | 7 |
_928151 _aالاتحاد السوفيتي _xأحوال اجتماعية. _2BUEsh |
|
| 651 | 7 |
_928152 _aالاتحاد السوفيتي _xأحوال اقتصادية. _2BUEsh |
|
| 651 | 7 |
_928153 _aالاتحاد السوفيتي _xتاريخ _yقرن 20. _2BUEsh |
|
| 651 | 7 |
_929277 _aالاتحاد السوفيتي _xتاريخ _yالحكم الشيوعي. _2BUEsh |
|
| 653 | _cDecember2011 | ||
| 655 | _vReading book | ||
| 942 |
_2ddc _cBB |
||
| 999 |
_c16332 _d16332 |
||